000 00997cam a22002291i 4500
001 e 31000902
003 DLC
005 20260227111221.0
008 791220s1931 dcu 000 0 eng
010 _ae 31000902
035 _a(OCoLC)5815901
040 _aDLC
_cPLhS
_dDLC
050 0 0 _aZ1361.N39
_bC2
100 1 _aCaliver, Ambrose,
_d1894-1962.
245 1 0 _aBibliography on education of the Negro comprising publications from January, 1928 to December, 1930. /
_cCompiled by Ambrose Caliver, specialist in the education of Negroes, and others.
260 _aWashington :
_bU.S. Govt. Print. Off.,
_c1931.
300 _aiii, 34 p. ;
_c23 cm.
490 0 _aU.S. Office of education. Bulletin, 1931,
_vno. 17
500 _aAt head of title: United States. Department of the interior. Ray Lyman Wilbur, secretary. Office of education. William John Cooper, commissioner.
500 _aClassified, with author and subject index.
650 0 _aAfrican Americans
_xEducation
_vBibliography.
999 _c21159
_d21159